歴代民社党委員長 - Statistics

General Stats
  • This quiz has been taken 12 times
  • The average score is 2 of 8
Answer Stats
Answer % Correct
西尾末広
50%
春日一幸
50%
大内啓伍
50%
米沢隆
40%
西村栄一
10%
佐々木良作
10%
塚本三郎
10%
永松栄一
0%
No matching quizzes found
Score Distribution
Percent of People with Each Score
Percentile by Number Answered
Your Score History
You have not taken this quiz